Managing investor relations : (Record no. 354819)
[ view plain ]
| 000 -LEADER | |
|---|---|
| fixed length control field | 00450nam a2200157Ia 4500 |
| 003 - CONTROL NUMBER IDENTIFIER | |
| control field | SISC |
| 005 - DATE AND TIME OF LATEST TRANSACTION | |
| control field | 20181009093418.0 |
| 008 - FIXED-LENGTH DATA ELEMENTS--GENERAL INFORMATION | |
| fixed length control field | 180205s9999 xx 000 0 und d |
| 020 ## - INTERNATIONAL STANDARD BOOK NUMBER | |
| International Standard Book Number | 9781606490808 |
| 050 ## - LIBRARY OF CONGRESS CALL NUMBER | |
| Classification number | HD 2744 |
| Item number | .L345 2010 |
| 100 ## - MAIN ENTRY--PERSONAL NAME | |
| Personal name | Laskin, Alexander |
| 245 ## - TITLE STATEMENT | |
| Title | Managing investor relations : |
| Remainder of title | strategies for effective communication |
| 260 ## - PUBLICATION, DISTRIBUTION, ETC. (IMPRINT) | |
| Place of publication, distribution, etc | New York City |
| Name of publisher, distributor, etc | Business expert press |
| Date of publication, distribution, etc | 2010 |
| 300 ## - PHYSICAL DESCRIPTION | |
| Extent | 91 pages |
| 942 ## - ADDED ENTRY ELEMENTS (KOHA) | |
| Source of classification or shelving scheme | Library of Congress Classification |
| Koha item type | Books |
| Withdrawn status | Lost status | Source of classification or shelving scheme | Damaged status | Home library | Current library | Shelving location | Date acquired | Source of acquisition | Total Checkouts | Full call number | Barcode | Date last seen | Date checked out | Price effective from | Koha item type |
|---|---|---|---|---|---|---|---|---|---|---|---|---|---|---|---|
| Library of Congress Classification | College Library | College Library | General Circulation Section | 02/05/2018 | Library Fund | 1 | HD 2744 .L345 2010 | C15226 | 10/08/2018 | 10/08/2018 | 02/05/2018 | Books |